00706 2200253 4500001002100000005001500021035002000036245007100056100001000127250001000137300003300147260003600180082000800216084001400224020002200238650001500260520008400275990001400359990001400373990001700387990001400404990001700418990001700435INLIS00000000000001820210129100746 a0010-01210000101 aMahir Bahasa Inggris Dengan Ragam Permainan Kata /cDiyan Yulianto0 aDiyan aCet.1 a156hal. :bilus. ;c14x20 cm aYogyakarta :bDiva Press,c2016 a420 a420 DIY m a978-602-391-175-2 4aPendidikan aDalam bahasa inggris, kosakata (vovocabulary) termasuk salah satu aspek penting a0051/2019 a0052/2019 a002201900005 a0051/2019 a002201900004 a002201900005